[Event "GER CCM-E03-D email"]
[Site "GER email"]
[Date "2019.06.19"]
[Round "?"]
[White "Mityavin, Sergey Petrovich"]
[Black "Lemke, Burghard"]
[Result "1/2-1/2"]
[WhiteElo "2242"]
[BlackElo "2226"]
[PlyCount "91"]
[EventDate "2019.??.??"]
[EventType "tourn (corr)"]
[EventRounds "13"]
[EventCountry "GER"]
[SourceTitle "Corr 2022"]
[Source "ChessBase"]
[SourceDate "2021.10.24"]
[SourceVersion "1"]
[SourceVersionDate "2021.10.24"]
[SourceQuality "1"]

1. e4 e5 2. Nf3 Nc6 3. Bb5 a6 4. Ba4 Nf6 5. d3 Bc5 6. 0-0 b5 7. Bb3 d6 8. c3 h6 9. Nbd2 0-0 10. Re1 Ne7 11. Nf1 Bb6 12. Ng3 c5 13. h3 Ng6 14. a4 Bb7 15. Nf5 c4 16. Bc2 cxd3 17. Bxd3 d5 18. exd5 Re8 19. Bc2 Bxd5 20. Be3 Rb8 21. axb5 axb5 22. Ra6 Re6 23. Bxb6 Rbxb6 24. Ra1 Qc7 25. Ne3 Bb7 26. Ng4 Nxg4 27. hxg4 Re8 28. Be4 Bxe4 29. Rxe4 b4 30. cxb4 Qb7 31. Qe1 f6 32. Rc4 Rb8 33. Rac1 Qd5 34. Rc7 Nf4 35. Rd1 Qb3 36. Nxe5 fxe5 37. Rdd7 Rg6 38. Rxg7+ Rxg7 39. Rxg7+ Kxg7 40. Qxe5+ Kg6 41. Qf5+ Kg7 42. Qe5+ Kg6 43. Qf5+ Kg7 44. Qe5+ Kg6 45. Qf5+ Kg7 46. Qe5+ 1/2-1/2

[Event "GER CCM-E03-D email"]
[Site "GER email"]
[Date "2019.06.19"]
[Round "?"]
[White "Tamayo Gutierrez, Rommel"]
[Black "Mityavin, Sergey Petrovich"]
[Result "1/2-1/2"]
[WhiteElo "2219"]
[BlackElo "2242"]
[PlyCount "49"]
[EventDate "2019.??.??"]
[EventType "tourn (corr)"]
[EventRounds "13"]
[EventCountry "GER"]
[SourceTitle "Corr 2022"]
[Source "ChessBase"]
[SourceDate "2021.10.24"]
[SourceVersion "1"]
[SourceVersionDate "2021.10.24"]
[SourceQuality "1"]

1. e4 e5 2. Nf3 Nc6 3. Bc4 Bc5 4. c3 Nf6 5. d3 0-0 6. 0-0 d6 7. Re1 Bb6 8. a4 a5 9. h3 Ne7 10. Nbd2 c6 11. Bb3 Ng6 12. Nf1 d5 13. exd5 Nxd5 14. Bg5 f6 15. Bd2 Be6 16. d4 Bf7 17. dxe5 Nxe5 18. Nxe5 fxe5 19. Be3 Nxe3 20. Nxe3 Qc7 21. Qc2 Bxb3 22. Qxb3+ Kh8 23. Re2 Rae8 24. Rae1 e4 25. Qd1 1/2-1/2